000 00831nam a2200229 i 4500
001 bg
245 0 0 _aProcedury podejmowania decyzji w Unii Europejskiej :
_bprzygotowanie polskiej administracji do członkostwa w Unii Europejskiej : materiały z konferencji, 30 stycznia 2003 r., Warszawa.
260 _aWarszawa :
_bUrząd Komitetu Integracji Europejskiej,
_c2003.
300 _a67, [1] s ;
_c24 cm.
490 1 _aBiblioteka Europejska ;
_v26
650 9 _aDecyzje
_xadministracja
_xUnia Europejska
650 9 _aDecyzje
_xadministracja
_zPolska
655 _aMateriały konferencyjne
830 _aBiblioteka Europejska ;
020 _a8389218461
040 _cBPK
041 0 _apol
080 _a351.077.3:351/354](4-67:438)(061)
920 _a83-89218-46-1
942 _cKS
008 s pl f |000 0 pol
999 _c43229
_d43229
856 _uhttp://koha.tu.koszalin.pl/cgi-bin/koha/opac-detail.pl?biblionumber=43229
_yKatalog online BPK